Doing big business on the internet / (Record no. 132971)

MARC details
000 -LEADER
fixed length control field 00745nam a22002417a 4500
005 - DATE AND TIME OF LATEST TRANSACTION
control field 20170124110202.0
010 ## - LIBRARY OF CONGRESS CONTROL NUMBER
LC control number A-998475
020 ## - INTERNATIONAL STANDARD BOOK NUMBER
International Standard Book Number 8172247907
Terms of availability 00.00
035 ## - SYSTEM CONTROL NUMBER
System control number A-998475
037 ## - SOURCE OF ACQUISITION
Source of stock number/acquisition Cen Lib/Ret
040 ## - CATALOGING SOURCE
Original cataloging agency DPL
Language of cataloging EN
082 ## - DEWEY DECIMAL CLASSIFICATION NUMBER
Classification number 004.65
Item number HUR
100 ## - MAIN ENTRY--PERSONAL NAME
Personal name Hurley, Brian
9 (RLIN) 36351
245 ## - TITLE STATEMENT
Title Doing big business on the internet /
Statement of responsibility, etc by Brian Hurley [and] Peter Birkwood
260 ## - PUBLICATION, DISTRIBUTION, ETC. (IMPRINT)
Place of publication, distribution, etc Mumbai
Name of publisher, distributor, etc Jaico Publishing House
Date of publication, distribution, etc 1999
270 ## - ADDRESS
Address 121, M.G. rioad
City Mumbai
Postal code 400023
300 ## - PHYSICAL DESCRIPTION
Extent xxi, 181p.
Dimensions 23cm(Hb)
500 ## - GENERAL NOTE
General note Includes glossary and appendix
650 ## - SUBJECT ADDED ENTRY--TOPICAL TERM
Topical term or geographic name as entry element Internet
9 (RLIN) 36352
650 ## - SUBJECT ADDED ENTRY--TOPICAL TERM
Topical term or geographic name as entry element Internet advertising
9 (RLIN) 33966
700 ## - ADDED ENTRY--PERSONAL NAME
Personal name Birkwood, Peter
9 (RLIN) 36353
942 ## - ADDED ENTRY ELEMENTS (KOHA)
Source of classification or shelving scheme Dewey Decimal Classification
Koha item type English Books
Classification part 004.65
Call number suffix HUR
Holdings
Withdrawn status Lost status Damaged status Not for loan Home library Current library Date acquired Source of acquisition Cost, normal purchase price Total Checkouts Full call number Barcode Date last seen Copy number Cost, replacement price Price effective from Koha item type
        Central Library Central Library 24/07/2015 Cen Lib/Ret 0.00   004.65 HUR A-998475 24/07/2015 1 0.00 24/07/2015 English Books

© Delhi Public Library
Hit Counter
free hit counter